000 00659nam a2200277Ia 4500
005 20260324123941.0
008 008 260324s9999 xx 000 0 eng d
020 _a9781315653600
037 _aEBOOK
040 _aCRL
040 _beng
040 _cCRL
041 _2eng
041 _aeng
084 _qCRL
100 _aAngma Dey Jhala
_91172280
245 0 _aRoyal Patronage, Power and Aesthetics in Princely India
260 _bTaylor and Francis
260 _c2011
365 _a
365 _b255
856 _uhttp://www.taylorfrancis.com/books/9781315653600
942 _cEBOOK
999 _c1766233
_d1766233